00801 2200289 4500001002100000005001500021035002000036007000300056008004100059040001700100100003400117245006900151250001300220300003500233041000800268082000800276084001200284090001800296260003500314264004200349336002100391337003000412338002300442850001000465650001400475990002200489INLIS00000000000436020260527124816 a0010-1121000127ta260527 0  aSBPUPADbind0 aGanesha Operation,ePengarang1 aRevolusi Belajar :bKumpulan Rumus VII SMP /cGanesha Operation, a--Cet--1 avii, 181 hlm. :bIlus ;c21 cm0 aind a372 a372 REV a300 TIM m 6-3 aJakarta :bCikal Aksara,c2009 a--Bandung :bGanesha Operation,c2014 2rdacontentaTeks 2rdamediaaTanpa Perantara 2rdacarrieravolume aPUPAD 4aPelajaran a35.228/S/DPK/2021